| АИС "Историко-культурное наследие Беларуси" | ||
| Базовый | Расширенный | Профессиональный | Словарь персоналий | Тематический словарь | По видам объектов | История запросов Заказы | Регистрация | |
Запись в MARC-формате
| копировать MARC-запись |
=LDR 00000cx\\c2200217\\\45\\
=001 BY-NLB-ar12218
=005 20160209133927.6
=100 \\$a20001231arusy50\\\\\\ca0
=152 \\$apsbo
=160 \\$ae-ru
=215 \\$aИркутская область (Россия)
=300 1\$aОбразована в 1937 году. Центр – город Иркутск.
=356 \\$aРасположена в юго-восточной части Сибирского федерального округа.
=801 \2$aBY$bBY-HM0000$c20060324
=801 \0$aBY$bBY-HM0000$c20001231
=801 \1$aBY$bBY-HM0000$c20040804
=810 \\$aГеография России : энциклопедия. — Москва, 1998.
=810 \\$aБеларуская энцыклапедыя. У 18 т. Т. 7. — Мінск, 1998.
=856 4\$uhttp://ru.wikipedia.org/wiki/$zСайт "Википедия".
=999 \\$g1848$t20060324
Чтобы вернуться назад, щелкните кнопку BACK на Вашем браузере